[Event "11th LCC Super Blitz 2019"]
[Site "London"]
[Date "2019.12.08"]
[Round "4.2"]
[White "Jones, Gawain C B"]
[Black "Rowson, Jonathan"]
[Result "1/2-1/2"]
[WhiteElo "2683"]
[BlackElo "2561"]
[Annotator "TA"]
[PlyCount "112"]
[EventDate "2019.12.08"]
[EventType "swiss"]
[EventCountry "ENG"]
[SourceTitle "playchess.com"]
[Source "ChessBase"]
[SourceQuality "1"]

{[%evp 10,112,22,8,12,15,20,12,25,26,27,30,25,22,38,31,36,24,31,14,33,31,54,38,42,35,31,30,39,37,41,38,42,43,60,43,75,24,24,24,29,19,16,0,16,16,26,25,36,0,56,3,8,6,1,8,6,8,11,11,12,12,12,12,12,0,0,0,0,0,8,0,0,0,0,0,0,0,0,0,0,0,0,0,0,0,0,-8,0,0,0,0,0,0,0,0,0,0,0,0,0,0,0,-8,0]} 1. e4 c6 2. Nc3 d5 3. Nf3 Bg4 4. h3 Bxf3 5. Qxf3 Nf6 6. Be2 e6 {B11: Caro-Kann: Two Knights Variation} 7. O-O Be7 $146 ({Predecessor:} 7... dxe4 8. Nxe4 Nxe4 9. Qxe4 Be7 10. d4 Nd7 11. c4 O-O 12. Be3 Nf6 13. Qc2 Qc7 {1-0 (59) Predke,A (2587)-Evdokimov,A (2495) Sochi 2016}) 8. Rd1 O-O 9. d4 dxe4 10. Nxe4 Nxe4 11. Qxe4 Nd7 12. c4 Nf6 13. Qc2 Qc7 14. Be3 a5 15. Bf3 a4 16. g3 Rfd8 17. Rd3 Qa5 $1 18. Rad1 Rac8 19. Kg2 b5 20. b3 axb3 21. axb3 {[%cal Ba2b3,Bb3c4][%mdl 32]} bxc4 22. bxc4 c5 23. dxc5 (23. d5 $16) 23... Rxd3 $11 24. Qxd3 Bxc5 25. Bg5 Be7 26. Bd2 Qc7 27. Rc1 Rd8 28. Qe2 Bc5 29. Bg5 Bd4 (29... Re8 $11) 30. Rb1 ({White should play} 30. c5 $14) 30... Rb8 {The position is equal.} 31. Bf4 e5 32. Rxb8+ Qxb8 33. Bg5 Qb6 34. Qc2 h6 35. Bxf6 gxf6 36. Bd5 {[#] Qg6+! is the strong threat.} Kg7 37. Qe2 {Hoping for Qg4+.} f5 38. Qf3 Kg6 39. g4 f4 40. h4 Kg7 41. Be4 Qb2 42. g5 hxg5 43. hxg5 Qd2 44. Bb1 Qb2 45. Bd3 Qd2 46. Be2 Kf8 47. Qe4 Qc3 48. g6 {[#] Qf5! would kill now.} fxg6 49. Qxg6 {Strongly threatening Qf6+.} Ke7 50. Qg7+ Kd6 51. Qf6+ Kc5 52. Qe7+ Kb6 53. Qd8+ Kc5 54. Qd5+ Kb4 55. Qb5+ Ka3 56. Bd1 Qb4 {Accuracy: White = 46%, Black = 60%.} 1/2-1/2

[Event "11th LCC Super Blitz 2019"]
[Site "London"]
[Date "2019.12.08"]
[Round "4.2"]
[White "Mortazavi, Ali"]
[Black "Arkell, Keith C"]
[Result "0-1"]
[WhiteElo "2333"]
[BlackElo "2453"]
[Annotator "ChessBase"]
[PlyCount "104"]
[EventDate "2019.12.08"]
[EventType "swiss"]
[EventCountry "ENG"]
[SourceTitle "playchess.com"]
[Source "ChessBase"]
[SourceQuality "1"]
[TimeControl "180+2"]

1. d4 {[%emt 0:00:00]} Nf6 {[%emt 0:00:00]} 2. Nf3 {[%emt 0:00:00]} e6 {[%emt 0:00:01]} 3. e3 {[%emt 0:00:01]} c5 {[%emt 0:00:01]} 4. Bd3 {[%emt 0:00:01]} cxd4 {[%emt 0:00:04]} 5. exd4 {[%emt 0:00:01]} Be7 {[%emt 0:00:01]} 6. O-O {[%emt 0:00:01]} b6 {[%emt 0:00:01]} 7. b3 {[%emt 0:00:01]} Bb7 {[%emt 0:00:02]} 8. Bb2 {[%emt 0:00:01]} O-O {[%emt 0:00:02]} 9. Nbd2 {[%emt 0:00:00]} d6 {[%emt 0:00:01]} 10. Re1 {[%emt 0:00:01]} Nbd7 {[%emt 0:00:00]} 11. c4 {[%emt 0:00:11]} Re8 {[%emt 0:00:03]} 12. Rc1 {[%emt 0:00:01]} Bf8 {[%emt 0:00:01]} 13. Bb1 {[%emt 0:00:01]} g6 {[%emt 0:00:01]} 14. a4 {[%emt 0:00:04]} a5 {[%emt 0:00:01]} 15. Ng5 {[%emt 0:00:14]} Bg7 {[%emt 0:00:05]} 16. Nf1 {[%emt 0:00:15]} h6 {[%emt 0:00:04]} 17. Nf3 {[%emt 0:00:02]} Qc7 {[%emt 0:00:03]} 18. Ne3 {[%emt 0:00:05]} Rad8 {[%emt 0:00:10]} 19. h3 {[%emt 0:00:16]} Qb8 {[%emt 0:00:01]} 20. Ba3 {[%emt 0:00:14]} e5 {[%emt 0:00:07]} 21. dxe5 {[%emt 0:00:06]} dxe5 {[%emt 0:00:10]} 22. Nd5 {[%emt 0:00:13]} Nc5 {[%emt 0:00:01]} 23. Nxf6+ {[%emt 0:00:19]} Bxf6 {[%emt 0:00:01]} 24. Qe2 {[%emt 0:00:01]} e4 {[%emt 0:00:03]} 25. Nh2 {[%emt 0:00:02]} Nd3 {[%emt 0:00:27]} 26. Ng4 {[%emt 0:00:00]} Bg7 {[%emt 0:00:01]} 27. Qe3 {[%emt 0:00:06]} Nxe1 {[%emt 0:00:06]} 28. Rxe1 {[%emt 0:00:04]} Kh7 {[%emt 0:00:25]} 29. Qxb6 {[%emt 0:00:01]} Ba8 {[%emt 0:00:15]} 30. Nf6+ {[%emt 0:00:11]} Bxf6 31. Qxf6 {[%emt 0:00:01]} Qe5 {[%emt 0:00:39]} 32. Qxf7+ {[%emt 0:00:01]} Qg7 {[%emt 0:00:01]} 33. Qf4 {[%emt 0:00:07]} Rd7 {[%emt 0:00:19]} 34. h4 {[%emt 0:00:06]} Qe5 {[%emt 0:00:09]} 35. Qe3 {[%emt 0:00:05]} Red8 {[%emt 0:00:04]} 36. Bc1 {[%emt 0:00:02]} Qg7 {[%emt 0:00:01]} 37. Bc2 {[%emt 0:00:01]} Bc6 {[%emt 0:00:08]} 38. Qc5 {[%emt 0:00:06]} Qf6 {[%emt 0:00:07]} 39. Be3 {[%emt 0:00:19]} Ba8 {[%emt 0:00:08]} 40. Qxa5 {[%emt 0:00:04]} Qxh4 {[%emt 0:00:02]} 41. c5 {[%emt 0:00:07]} Qf6 {[%emt 0:00:05]} 42. Qb5 {[%emt 0:00:11]} Qc3 {[%emt 0:00:01]} 43. Re2 {[%emt 0:00:09]} Qa1+ {[%emt 0:00:02]} 44. Kh2 {[%emt 0:00:02]} Qe5+ {[%emt 0:00:02]} 45. g3 {[%emt 0:00:02]} Qh5+ {[%emt 0:00:00]} 46. Kg2 {[%emt 0:00:01]} Qf3+ {[%emt 0:00:01]} 47. Kh2 {[%emt 0:00:01]} Qh5+ {[%emt 0:00:04]} 48. Kg2 {[%emt 0:00:01]} Qf3+ {[%emt 0:00:00]} 49. Kh2 {[%emt 0:00:02]} Rd1 {[%emt 0:00:07]} 50. Bxd1 {[%emt 0:00:16]} Rxd1 {[%emt 0:00:02]} 51. Qd7+ {[%emt 0:00:03]} Rxd7 {[%emt 0:00:02]} 52. Re1 Rd5 {[%emt 0:00:01]} 0-1

[Event "11th LCC Super Blitz 2019"]
[Site "London"]
[Date "2019.12.08"]
[Round "4.2"]
[White "Stoyanov, Viktor"]
[Black "Grover, Sahaj"]
[Result "0-1"]
[WhiteElo "2191"]
[BlackElo "2486"]
[Annotator "ChessBase"]
[PlyCount "98"]
[EventDate "2019.12.08"]
[EventType "swiss"]
[EventCountry "ENG"]
[SourceTitle "playchess.com"]
[Source "ChessBase"]
[SourceQuality "1"]
[TimeControl "180+2"]

1. e4 {[%emt 0:00:00]} e6 {[%emt 0:00:00]} 2. d4 {[%emt 0:00:01]} d5 {[%emt 0:00:00]} 3. Nd2 {[%emt 0:00:01]} c5 {[%emt 0:00:02]} 4. exd5 Qxd5 {[%emt 0:00:01]} 5. dxc5 {[%emt 0:00:04]} Bxc5 {[%emt 0:00:02]} 6. Ngf3 {[%emt 0:00:02]} Nf6 {[%emt 0:00:01]} 7. Bc4 {[%emt 0:00:01]} Qh5 {[%emt 0:00:10]} 8. O-O {[%emt 0:00:03]} Nc6 {[%emt 0:00:01]} 9. c3 {[%emt 0:00:02]} e5 {[%emt 0:00:10]} 10. Be2 {[%emt 0:00:04]} O-O {[%emt 0:00:23]} 11. b4 {[%emt 0:00:06]} Bb6 {[%emt 0:00:05]} 12. a4 {[%emt 0:00:01]} Bc7 {[%emt 0:00:25]} 13. h3 {[%emt 0:00:34]} Bxh3 {[%emt 0:00:05]} 14. gxh3 {[%emt 0:00:06]} e4 {[%emt 0:00:01]} 15. Kg2 {[%emt 0:00:36]} Rad8 {[%emt 0:00:16]} 16. Rg1 {[%emt 0:00:14]} exf3+ {[%emt 0:00:11]} 17. Bxf3 {[%emt 0:00:02]} Qe5 {[%emt 0:00:07]} 18. Qe2 {[%emt 0:00:09]} Qh2+ {[%emt 0:00:04]} 19. Kf1 {[%emt 0:00:00]} Rfe8 {[%emt 0:00:01]} 20. Rh1 {[%emt 0:00:15]} Rxe2 {[%emt 0:00:09]} 21. Rxh2 {[%emt 0:00:01]} Rexd2 {[%emt 0:00:01]} 22. Bxd2 {[%emt 0:00:01]} Bxh2 {[%emt 0:00:02]} 23. Be3 {[%emt 0:00:01]} Nd5 {[%emt 0:00:11]} 24. Bxd5 {[%emt 0:00:19]} Rxd5 {[%emt 0:00:02]} 25. b5 {[%emt 0:00:00]} Na5 {[%emt 0:00:03]} 26. Bxa7 {[%emt 0:00:02]} Be5 {[%emt 0:00:02]} 27. Re1 {[%emt 0:00:03]} g5 {[%emt 0:00:04]} 28. Re3 {[%emt 0:00:02]} Nc4 {[%emt 0:00:02]} 29. Re2 {[%emt 0:00:06]} Bxc3 {[%emt 0:00:18]} 30. Rc2 {[%emt 0:00:06]} Nd2+ {[%emt 0:00:03]} 31. Ke2 {[%emt 0:00:01]} Ba5 {[%emt 0:00:01]} 32. Be3 {[%emt 0:00:03]} Ne4 {[%emt 0:00:03]} 33. Rc8+ {[%emt 0:00:06]} Kg7 {[%emt 0:00:01]} 34. Rb8 {[%emt 0:00:01]} Nc3+ {[%emt 0:00:03]} 35. Kf3 {[%emt 0:00:01]} Rd7 {[%emt 0:00:07]} 36. Rc8 {[%emt 0:00:02]} Nxa4 {[%emt 0:00:15]} 37. Bxg5 {[%emt 0:00:01]} b6 {[%emt 0:00:06]} 38. Be3 {[%emt 0:00:03]} Nc3 {[%emt 0:00:02]} 39. Rc6 {[%emt 0:00:04]} Nxb5 {[%emt 0:00:03]} 40. Bxb6 {[%emt 0:00:02]} Nd4+ {[%emt 0:00:02]} 41. Bxd4+ {[%emt 0:00:01]} Rxd4 {[%emt 0:00:01]} 42. Rc5 {[%emt 0:00:09]} Bb6 {[%emt 0:00:02]} 43. Rc6 {[%emt 0:00:01]} Rb4 {[%emt 0:00:02]} 44. Rc2 {[%emt 0:00:01]} Rb3+ {[%emt 0:00:01]} 45. Kg2 {[%emt 0:00:01]} Kg6 {[%emt 0:00:00]} 46. Rc6+ {[%emt 0:00:01]} f6 {[%emt 0:00:01]} 47. Rc2 {[%emt 0:00:01]} h5 {[%emt 0:00:01]} 48. f3 {[%emt 0:00:03]} Bd4 {[%emt 0:00:01]} 49. Rd2 {[%emt 0:00:01]} Rb2 {[%emt 0:00:01]} 0-1

[Event "11th LCC Super Blitz 2019"]
[Site "London"]
[Date "2019.12.08"]
[Round "4.3"]
[White "Beinoras, Mindaugas"]
[Black "Ozturan, Cem"]
[Result "1-0"]
[WhiteElo "2401"]
[BlackElo "1853"]
[Annotator "NA"]
[PlyCount "81"]
[EventDate "2019.12.08"]
[EventType "swiss"]
[EventCountry "ENG"]
[SourceTitle "playchess.com"]
[Source "ChessBase"]
[SourceQuality "1"]
[TimeControl "180+2"]

1. d4 {[%emt 0:00:00]} Nf6 {[%emt 0:00:00]} 2. Bg5 {[%emt 0:00:02]} d5 {[%emt 0:00:00]} 3. e3 {[%emt 0:00:01]} h6 {[%emt 0:00:02]} 4. Bh4 {[%emt 0:00:04]} c6 {[%emt 0:00:01]} 5. Bd3 {[%emt 0:00:03]} e6 {[%emt 0:00:04]} 6. f4 {[%emt 0:00:05]} Be7 {[%emt 0:00:01]} 7. Nf3 {[%emt 0:00:01]} Nbd7 {[%emt 0:00:04]} 8. Nbd2 {[%emt 0:00:01]} b6 {[%emt 0:00:02]} 9. O-O {[%emt 0:00:03]} O-O {[%emt 0:00:02]} 10. Ne5 {[%emt 0:00:04]} Bb7 {[%emt 0:00:08]} 11. a4 {[%emt 0:00:01]} c5 {[%emt 0:00:05]} 12. c3 {[%emt 0:00:02]} Ne4 {[%emt 0:00:10]} 13. Bxe7 {[%emt 0:00:06]} Qxe7 {[%emt 0:00:03]} 14. Bxe4 {[%emt 0:00:20]} dxe4 {[%emt 0:00:03]} 15. Qc2 {[%emt 0:00:02]} Nxe5 {[%emt 0:00:28]} 16. fxe5 {[%emt 0:00:20]} cxd4 {[%emt 0:00:30]} 17. exd4 {[%emt 0:00:09]} Rac8 {[%emt 0:00:20]} 18. Nxe4 {[%emt 0:00:08]} Bxe4 {[%emt 0:00:02]} 19. Qxe4 {[%emt 0:00:02]} Rfd8 {[%emt 0:00:07]} 20. Rf3 {[%emt 0:00:06]} Qg5 {[%emt 0:00:15]} 21. Raf1 {[%emt 0:00:07]} Rc7 {[%emt 0:00:03]} 22. Rg3 {[%emt 0:00:03]} Qe7 {[%emt 0:00:15]} 23. Qg4 {[%emt 0:00:12]} Qf8 {[%emt 0:00:03]} 24. h4 {[%emt 0:00:03]} Rdc8 {[%emt 0:00:24]} 25. h5 {[%emt 0:00:03]} Rd8 {[%emt 0:00:02]} 26. Qf4 {[%emt 0:00:14]} Kh7 {[%emt 0:00:02]} 27. Qe4+ {[%emt 0:00:03]} Kh8 {[%emt 0:00:02]} 28. Rf4 {[%emt 0:00:01]} a6 {[%emt 0:00:15]} 29. Rfg4 {[%emt 0:00:05]} b5 {[%emt 0:00:05]} 30. axb5 {[%emt 0:00:10]} axb5 {[%emt 0:00:01]} 31. Kh2 {[%emt 0:00:17]} b4 {[%emt 0:00:01]} 32. cxb4 {[%emt 0:00:04]} Rc4 {[%emt 0:00:04]} 33. Qe3 {[%emt 0:00:19]} Rxb4 {[%emt 0:00:05]} 34. b3 {[%emt 0:00:01]} Rdb8 {[%emt 0:00:02]} 35. Qf4 {[%emt 0:00:23]} Rxb3 {[%emt 0:00:02]} 36. Rxg7 {[%emt 0:00:03]} Qxg7 {[%emt 0:00:02]} 37. Rxg7 {[%emt 0:00:01]} Kxg7 {[%emt 0:00:01]} 38. Qf6+ {[%emt 0:00:01]} Kg8 {[%emt 0:00:04]} 39. Qxh6 {[%emt 0:00:02]} R8b4 {[%emt 0:00:08]} 40. Qg5+ {[%emt 0:00:02]} Kh7 {[%emt 0:00:02]} 41. h6 {[%emt 0:00:02]} 1-0

[Event "11th LCC Super Blitz 2019"]
[Site "London"]
[Date "2019.12.08"]
[Round "4.3"]
[White "Ratnesan, Ranesh"]
[Black "Willow, Jonah B"]
[Result "0-1"]
[WhiteElo "2213"]
[BlackElo "2355"]
[Annotator "NA"]
[PlyCount "66"]
[EventDate "2019.12.08"]
[EventType "swiss"]
[EventCountry "ENG"]
[SourceTitle "playchess.com"]
[Source "ChessBase"]
[SourceQuality "1"]
[TimeControl "180+2"]

1. Nf3 {[%emt 0:00:00]} c5 {[%emt 0:00:00]} 2. c4 {[%emt 0:00:00]} Nc6 {[%emt 0:00:00]} 3. Nc3 {[%emt 0:00:02]} g6 {[%emt 0:00:00]} 4. g3 {[%emt 0:00:01]} Bg7 {[%emt 0:00:01]} 5. Bg2 {[%emt 0:00:01]} e6 {[%emt 0:00:00]} 6. O-O {[%emt 0:00:02]} Nge7 {[%emt 0:00:02]} 7. d3 {[%emt 0:00:02]} O-O {[%emt 0:00:01]} 8. Rb1 {[%emt 0:00:05]} b6 {[%emt 0:00:06]} 9. a3 {[%emt 0:00:05]} d5 {[%emt 0:00:02]} 10. cxd5 {[%emt 0:00:19]} exd5 {[%emt 0:00:02]} 11. Qc2 {[%emt 0:00:02]} Bb7 {[%emt 0:00:07]} 12. e4 {[%emt 0:00:04]} dxe4 {[%emt 0:00:12]} 13. dxe4 {[%emt 0:00:02]} Nd4 {[%emt 0:00:01]} 14. Qd1 {[%emt 0:00:17]} Nec6 {[%emt 0:00:09]} 15. Nd5 {[%emt 0:00:07]} Nxf3+ {[%emt 0:00:08]} 16. Qxf3 {[%emt 0:00:05]} Nd4 {[%emt 0:00:08]} 17. Qd1 {[%emt 0:00:07]} f5 {[%emt 0:00:20]} 18. Nc3 {[%emt 0:00:06]} Kh8 {[%emt 0:00:14]} 19. Be3 {[%emt 0:00:03]} fxe4 {[%emt 0:00:19]} 20. Nxe4 {[%emt 0:00:03]} Qe7 {[%emt 0:00:13]} 21. Qg4 {[%emt 0:00:08]} Rae8 {[%emt 0:00:14]} 22. Bg5 {[%emt 0:00:10]} Qe5 {[%emt 0:00:10]} 23. Bf4 {[%emt 0:00:06]} Qd5 {[%emt 0:00:31]} 24. Rbe1 {[%emt 0:00:08]} Nc2 {[%emt 0:00:12]} 25. Rd1 {[%emt 0:00:06]} Qc6 {[%emt 0:00:08]} 26. Rd6 {[%emt 0:00:07]} Qc8 {[%emt 0:00:12]} 27. Qxc8 Bxc8 28. Rd2 {[%emt 0:00:20]} Nd4 {[%emt 0:00:01]} 29. Nd6 {[%emt 0:00:08]} Rd8 {[%emt 0:00:05]} 30. Nxc8 {[%emt 0:00:04]} Rxc8 {[%emt 0:00:02]} 31. Bd5 {[%emt 0:00:06]} Rcd8 {[%emt 0:00:02]} 32. Bc4 {[%emt 0:00:04]} Nf3+ {[%emt 0:00:03]} 33. Kg2 {[%emt 0:00:01]} Nxd2 {[%emt 0:00:00]} 0-1

[Event "11th LCC Super Blitz 2019"]
[Site "London"]
[Date "2019.12.08"]
[Round "4.3"]
[White "Stepanyan, Henrik"]
[Black "Wallace, John Paul"]
[Result "1/2-1/2"]
[WhiteElo "2193"]
[BlackElo "2344"]
[Annotator "NA"]
[PlyCount "128"]
[EventDate "2019.12.08"]
[EventType "swiss"]
[EventCountry "ENG"]
[SourceTitle "playchess.com"]
[Source "ChessBase"]
[SourceQuality "1"]
[TimeControl "180+2"]

1. d4 {[%emt 0:03:15]} Nf6 2. c4 g6 3. Nc3 Bg7 4. Nf3 O-O {[%emt 0:00:02]} 5. e4 {[%emt 0:00:01]} d6 6. h3 e5 {[%emt 0:00:02]} 7. dxe5 dxe5 8. Qxd8 {[%emt 0:00:02]} Rxd8 9. Bg5 {[%emt 0:00:02]} Na6 {[%emt 0:00:05]} 10. Nd5 {[%emt 0:00:03]} Rd6 11. Bxf6 {[%emt 0:00:02]} Bxf6 12. Rc1 b6 {[%emt 0:00:09]} 13. b4 {[%emt 0:00:02]} c5 {[%emt 0:00:35]} 14. b5 {[%emt 0:00:03]} Nb8 {[%emt 0:00:41]} 15. Nc7 {[%emt 0:00:32]} Bb7 16. Nxa8 {[%emt 0:00:01]} Bxa8 {[%emt 0:00:06]} 17. Rd1 {[%emt 0:00:05]} Rxd1+ 18. Kxd1 {[%emt 0:00:01]} Bxe4 19. Nd2 {[%emt 0:00:10]} Bf5 {[%emt 0:00:09]} 20. g4 {[%emt 0:00:03]} Be6 21. Bg2 Bg5 {[%emt 0:00:04]} 22. Bd5 {[%emt 0:00:11]} Bc8 {[%emt 0:00:19]} 23. Re1 {[%emt 0:00:03]} Bf4 {[%emt 0:00:02]} 24. Nf3 {[%emt 0:00:36]} Nd7 {[%emt 0:00:05]} 25. Kc2 Kf8 {[%emt 0:00:08]} 26. Bc6 {[%emt 0:00:07]} f6 {[%emt 0:00:01]} 27. Nd2 {[%emt 0:00:08]} Ke7 {[%emt 0:00:04]} 28. Ne4 {[%emt 0:00:03]} Nf8 {[%emt 0:00:02]} 29. Bd5 {[%emt 0:00:02]} Ne6 {[%emt 0:00:02]} 30. Bxe6 {[%emt 0:00:09]} Bxe6 31. Kb3 {[%emt 0:00:01]} f5 {[%emt 0:00:03]} 32. gxf5 {[%emt 0:00:07]} gxf5 {[%emt 0:00:01]} 33. Nc3 e4 {[%emt 0:00:05]} 34. Nd5+ {[%emt 0:00:10]} Bxd5 {[%emt 0:00:02]} 35. cxd5 Kd6 {[%emt 0:00:05]} 36. Kc4 Ke5 {[%emt 0:00:04]} 37. Rg1 {[%emt 0:00:05]} Bd2 {[%emt 0:00:13]} 38. Rg7 {[%emt 0:00:14]} Be1 {[%emt 0:00:03]} 39. Re7+ {[%emt 0:00:09]} Kd6 {[%emt 0:00:09]} 40. Re6+ {[%emt 0:00:01]} Kd7 41. Rf6 Bxf2 {[%emt 0:00:04]} 42. Rxf5 e3 43. Re5 {[%emt 0:00:15]} h5 {[%emt 0:00:04]} 44. Re6 {[%emt 0:00:03]} h4 {[%emt 0:00:03]} 45. Kd3 {[%emt 0:00:01]} Kc7 {[%emt 0:00:07]} 46. a4 {[%emt 0:00:12]} Kd7 47. Rg6 {[%emt 0:00:05]} Kc7 {[%emt 0:00:03]} 48. Rg7+ {[%emt 0:00:15]} Kd6 49. Rxa7 c4+ {[%emt 0:00:02]} 50. Ke2 {[%emt 0:00:06]} Kxd5 {[%emt 0:00:02]} 51. Rc7 {[%emt 0:00:09]} Kd4 {[%emt 0:00:10]} 52. a5 bxa5 {[%emt 0:00:01]} 53. b6 Bg3 {[%emt 0:00:01]} 54. Ra7 {[%emt 0:00:09]} c3 {[%emt 0:00:07]} 55. Rxa5 {[%emt 0:00:02]} c2 56. Ra1 {[%emt 0:00:04]} Kc3 {[%emt 0:00:22]} 57. b7 Kb2 {[%emt 0:00:02]} 58. Rf1 c1=Q {[%emt 0:00:06]} 59. Rxc1 {[%emt 0:00:01]} Kxc1 60. Kxe3 {[%emt 0:00:04]} Kd1 61. Kf3 {[%emt 0:00:01]} Ke1 62. Kg2 Ke2 63. Kh1 Kf1 {[%emt 0:00:02]} 64. b8=Q {[%emt 0:00:04]} Bxb8 1/2-1/2

[Event "11th LCC Super Blitz 2019"]
[Site "London"]
[Date "2019.12.08"]
[Round "4.4"]
[White "Klingher, Dominic"]
[Black "Bird, Joel"]
[Result "1-0"]
[WhiteElo "2071"]
[BlackElo "2009"]
[Annotator "NA"]
[PlyCount "32"]
[EventDate "2019.12.08"]
[EventType "swiss"]
[EventCountry "ENG"]
[SourceTitle "playchess.com"]
[Source "ChessBase"]
[SourceQuality "1"]
[TimeControl "180+2"]

1. e4 {[%emt 0:00:00]} e5 {[%emt 0:00:00]} 2. Nc3 {[%emt 0:00:01]} Nf6 {[%emt 0:00:00]} 3. Bc4 {[%emt 0:00:01]} Nc6 {[%emt 0:00:15]} 4. d3 {[%emt 0:00:03]} Bc5 {[%emt 0:00:09]} 5. f4 {[%emt 0:00:06]} d6 {[%emt 0:00:07]} 6. Nf3 {[%emt 0:00:04]} a6 {[%emt 0:00:05]} 7. Qe2 {[%emt 0:00:16]} Bg4 {[%emt 0:00:03]} 8. Be3 {[%emt 0:00:06]} Nd4 {[%emt 0:00:18]} 9. Bxd4 {[%emt 0:00:03]} Bxd4 {[%emt 0:00:02]} 10. h3 {[%emt 0:00:18]} Bxf3 {[%emt 0:00:17]} 11. Qxf3 {[%emt 0:00:03]} Qe7 {[%emt 0:00:08]} 12. g4 {[%emt 0:00:14]} exf4 {[%emt 0:00:08]} 13. g5 {[%emt 0:00:11]} Nd7 {[%emt 0:00:10]} 14. Nd5 {[%emt 0:00:03]} Qd8 {[%emt 0:00:11]} 15. c3 {[%emt 0:00:29]} Be3 {[%emt 0:00:41]} 16. Nxe3 {[%emt 0:00:05]} fxe3 {[%emt 0:00:03]} 1-0

[Event "11th LCC Super Blitz 2019"]
[Site "London"]
[Date "2019.12.08"]
[Round "4.4"]
[White "Rahman, Asad"]
[Black "Cox, John J"]
[Result "0-1"]
[WhiteElo "1923"]
[BlackElo "2346"]
[Annotator "NA"]
[PlyCount "94"]
[EventDate "2019.12.08"]
[EventType "swiss"]
[EventCountry "ENG"]
[SourceTitle "playchess.com"]
[Source "ChessBase"]
[SourceQuality "1"]
[TimeControl "180+2"]

1. e4 {[%emt 0:00:00]} e6 {[%emt 0:00:00]} 2. d4 {[%emt 0:00:02]} d5 {[%emt 0:00:01]} 3. Nd2 {[%emt 0:00:01]} Nc6 {[%emt 0:00:02]} 4. Ngf3 {[%emt 0:00:05]} Nf6 {[%emt 0:00:01]} 5. exd5 {[%emt 0:00:03]} exd5 {[%emt 0:00:02]} 6. Bd3 {[%emt 0:00:04]} Bd6 {[%emt 0:00:06]} 7. O-O {[%emt 0:00:02]} O-O {[%emt 0:00:07]} 8. c4 {[%emt 0:00:04]} dxc4 {[%emt 0:00:03]} 9. Nxc4 {[%emt 0:00:01]} Bg4 {[%emt 0:00:02]} 10. Be3 {[%emt 0:00:12]} Re8 {[%emt 0:00:11]} 11. h3 {[%emt 0:00:02]} Bh5 {[%emt 0:00:01]} 12. Be2 {[%emt 0:00:01]} Qe7 {[%emt 0:00:08]} 13. Re1 {[%emt 0:00:12]} Rad8 {[%emt 0:00:04]} 14. Qb3 {[%emt 0:00:05]} b6 {[%emt 0:00:12]} 15. Rac1 {[%emt 0:00:04]} Nb8 {[%emt 0:00:11]} 16. Nce5 {[%emt 0:00:06]} Qe6 {[%emt 0:00:10]} 17. Bc4 {[%emt 0:00:06]} Qe7 {[%emt 0:00:06]} 18. Nxf7 {[%emt 0:00:06]} Bxf7 {[%emt 0:00:03]} 19. Bg5 {[%emt 0:00:16]} Bxc4 {[%emt 0:00:11]} 20. Qxc4+ {[%emt 0:00:13]} Qf7 {[%emt 0:00:00]} 21. Ne5 {[%emt 0:00:03]} Qxc4 {[%emt 0:00:07]} 22. Rxc4 {[%emt 0:00:02]} Nbd7 {[%emt 0:00:04]} 23. f4 {[%emt 0:00:04]} h6 {[%emt 0:00:06]} 24. Bh4 {[%emt 0:00:01]} c5 {[%emt 0:00:24]} 25. Rd1 {[%emt 0:00:05]} cxd4 {[%emt 0:00:03]} 26. Nc6 {[%emt 0:00:24]} Rc8 {[%emt 0:00:06]} 27. a3 {[%emt 0:00:03]} Bxf4 {[%emt 0:00:05]} 28. b4 {[%emt 0:00:09]} Kh7 {[%emt 0:00:04]} 29. b5 {[%emt 0:00:07]} Be3+ {[%emt 0:00:03]} 30. Kh2 {[%emt 0:00:03]} Nc5 {[%emt 0:00:02]} 31. Nxa7 {[%emt 0:00:06]} Ra8 {[%emt 0:00:05]} 32. Nc6 {[%emt 0:00:03]} Rxa3 {[%emt 0:00:01]} 33. Nxd4 {[%emt 0:00:03]} Rd8 {[%emt 0:00:04]} 34. Be1 {[%emt 0:00:20]} Ra4 {[%emt 0:00:04]} 35. Rxa4 {[%emt 0:00:17]} Nxa4 {[%emt 0:00:01]} 36. Ra1 {[%emt 0:00:11]} Rxd4 {[%emt 0:00:02]} 37. Ra3 {[%emt 0:00:01]} Bf4+ {[%emt 0:00:02]} 38. g3 {[%emt 0:00:02]} Bd6 {[%emt 0:00:02]} 39. Rf3 {[%emt 0:00:02]} Nc5 {[%emt 0:00:01]} 40. h4 {[%emt 0:00:04]} Nce4 {[%emt 0:00:04]} 41. Kh3 {[%emt 0:00:03]} h5 {[%emt 0:00:02]} 42. Bf2 {[%emt 0:00:04]} Nxf2+ {[%emt 0:00:02]} 43. Rxf2 {[%emt 0:00:01]} Rd3 {[%emt 0:00:01]} 44. Rg2 {[%emt 0:00:01]} Rxg3+ {[%emt 0:00:02]} 45. Rxg3 {[%emt 0:00:01]} Bxg3 {[%emt 0:00:01]} 46. Kxg3 Nd5 47. Kf3 {[%emt 0:00:03]} Nc7 {[%emt 0:00:01]} 0-1